| 000 | 00616nam a2200205Ia 4500 | ||
|---|---|---|---|
| 003 | IEPS | ||
| 005 | 20250703135310.0 | ||
| 008 | 250223s9999||||xx |||||||||||||| ||und|| | ||
| 020 | _a9786657066123 | ||
| 040 | _CIEPS | ||
| 041 | _aara | ||
| 082 | _a658.8 | ||
| 100 | _aالزعبي علي فلاح | ||
| 245 | 0 | _aالإتصالات التسويقية | |
| 245 | 0 | _bمدخل منهجي - تطبيقي | |
| 260 |
_aعمان _bدار المسيرة للنشر و التوزيع و الطباعة _c2010 |
||
| 300 |
_a359 ص. _bمخططات ، جداول _c24 سم. |
||
| 653 | _aالتسويق | ||
| 942 | _cكتاب | ||
| 999 |
_c12987 _d12987 |
||